000 00587nam a2200181Ia 4500
003 GCL
008 140319s9999 xx 000 0 ara d
040 _aGCL /
_cGCL
082 0 4 _a925.4
_bع ا
100 1 _aعلى عبدالله الدفاع
245 1 0 _aاسهام علماء العرب والمسلمين فى الكيمياء /
_cعلى عبدالله الدفاع
250 _aالاولى
260 _a[S.N] :
_bمؤسسة الرسالة ،
_c1985
300 _a302 ص ؛
_c24سم
650 0 4 _aالكيمياء
650 0 4 _aالعلماء العرب
942 _2ddc
_cBK
999 _c45314
_d45314